Morceaux d'A$AP Rocky - Mort subite - Statistiques

Statistiques générales
  • Ce quiz a été pris 34 fois
  • Le résultat moyen est 5 sur 16
Answers on the Grid
Answers color-coded by a green-red scale on the quiz's grid according to % correct below.
Better Things
Fukk Sleep
Praise God
Electric Body
Multiply
Trilla
Leaf
Tomorrow
Good Job
Wassup
Hell
Big Shots
Sandman
Purple Symphony
Sundance
Pardon Me
r - Cali
Nice Whine
Bass
BMW
Holy Jodye
Keep It Up
LVL
Fashion Demon
CALLDROPS
Purity
Kids Turned Out Fine
Canal Bd.
Gunz N Roses
Dreams, Fairytales, Fantasies
Wild for the Night
HONEST
 
Statistiques - réponses
Réponse % Correct
LVL
65%
Sandman
52%
Electric Body
39%
Trilla
35%
Wassup
35%
Fukk Sleep
30%
r - Cali
30%
Hell
26%
Wild for the Night
26%
Bass
22%
Better Things
22%
Kids Turned Out Fine
22%
Purity
22%
CALLDROPS
17%
Leaf
13%
Multiply
13%
Aucun quiz correspondant
Distribution des résultats
% des personnes avec chaque résultat
Percentile par nombre de réponses
Votre historique - résultats
Vous n’avez pas pris ce quiz